[Event "Challenge"]
[Site "http://www.queenalice.com/game.php?id=307874"]
[Date "2007.11.21"]
[Round "-"]
[White "kingbrian"]
[Black "jonathanodonnell"]
[Result "1-0"]
[WhiteElo "1500"]
[BlackElo "1724"]

1. e4 c6 2. d4 d5 3. e5 f6 4. c4 e6 5. Bd3 fxe5 6. Qh5+ Kd7 7. cxd5 exd5 8. Qxe5
Qe7 9. Nf3 Nf6 10. O-O Qxe5 11. Nxe5+ Kd8 12. Nf7+ 1-0

[Event "Challenge"]
[Site "http://www.queenalice.com/game.php?id=307875"]
[Date "2007.11.21"]
[Round "-"]
[White "kingbrian"]
[Black "Menalque"]
[Result "0-1"]
[WhiteElo "1492"]
[BlackElo "1820"]

1. Nf3 d5 2. e3 b6 3. Nd4 Nf6 4. Bb5+ Bd7 5. a4 c6 6. Be2 e5 7. Nb3 Bd6 8. d4 e4
9. Nc3 Qc7 10. h3 O-O 11. Bd2 Ne8 12. Na2 f5 13. Bc3 Be6 14. Qd2 f4 15. O-O-O
Qd7 0-1

[Event "Challenge"]
[Site "http://www.queenalice.com/game.php?id=308460"]
[Date "2007.11.22"]
[Round "-"]
[White "txukahamae"]
[Black "kingbrian"]
[Result "1-0"]
[WhiteElo "1734"]
[BlackElo "1573"]

1. d4 d5 2. c4 e6 3. Nf3 c6 4. Nc3 Qa5 5. Qc2 dxc4 6. e4 b5 7. Bd2 Bb4 8. Ne5
Nf6 9. a3 Bxc3 10. Bxc3 Qc7 11. a4 1-0

[Event "Challenge"]
[Site "http://www.queenalice.com/game.php?id=308471"]
[Date "2007.11.22"]
[Round "-"]
[White "backnine"]
[Black "kingbrian"]
[Result "1-0"]
[WhiteElo "1684"]
[BlackElo "1487"]

1. e4 e5 2. g3 Nc6 3. Bg2 d6 4. b3 Nf6 5. Nf3 Nxe4 6. d3 Nf6 7. Bb2 Bg4 8. O-O
Qd7 9. Re1 O-O-O 10. Nbd2 Re8 11. a4 h5 12. Bc3 h4 13. b4 Nd5 14. Bb2 Ncxb4 15.
c4 Nxd3 16. Re4 f5 17. Rxg4 fxg4 18. Nxh4 Nxb2 19. Qb3 Nxa4 20. Rxa4 Nb6 21.
Rxa7 Be7 22. Bxb7+ Kd8 23. Ng6 Rh6 24. Nxe7 Kxe7 25. Bd5 Nxd5 26. cxd5 Rhh8 27.
Qc3 Rc8 28. Ne4 Rh5 29. Qe3 Qb5 30. Nxd6 Kxd6 31. Qe4 Rg5 32. h4 gxh3 33. Qh7
Rxg3+ 34. fxg3 Qb6+ 35. Kh2 Qxa7 36. Kxh3 Kxd5 37. Qxg7 Qd4 38. Qd7+ Ke4 39.
Qxc8 Ke3 40. Qxc7 Kf3 41. Qf7+ Ke2 42. Qh5+ 1-0

[Event "Challenge"]
[Site "http://www.queenalice.com/game.php?id=308938"]
[Date "2007.11.23"]
[Round "-"]
[White "kingbrian"]
[Black "lordek"]
[Result "1-0"]
[WhiteElo "1902"]
[BlackElo "1806"]

1. e4 c5 2. e5 Nc6 3. Nf3 d6 4. Bb5 Bg4 5. Qe2 Qc7 6. exd6 Qxd6 7. Qe4 Nf6 8.
Qe3 e6 9. Ne5 Be7 10. Qg3 Ne4 11. Bxc6+ bxc6 12. Qxg4 Qxe5 13. O-O Bd6 14. g3 h5
15. Qf3 h4 16. d3 hxg3 17. fxg3 Nxg3 18. hxg3 O-O-O 19. Bf4 Qd4+ 20. Kg2 Bxf4
21. Qxc6+ Bc7 22. Rxf7 Qe5 23. Qa8+ 1-0

[Event "Challenge"]
[Site "http://www.queenalice.com/game.php?id=308945"]
[Date "2007.11.23"]
[Round "-"]
[White "conqueror"]
[Black "kingbrian"]
[Result "1-0"]
[WhiteElo "1672"]
[BlackElo "1706"]

1. d4 d5 2. c4 e6 3. Nc3 Nf6 4. Bg5 Bd7 5. Nf3 Bc6 6. e3 Bb4 7. c5 b6 8. a3
Bxc3+ 9. bxc3 bxc5 10. dxc5 Nbd7 11. Qd4 Qe7 12. Be2 Rb8 13. O-O Qxc5 14. Qxc5
1-0

[Event "Challenge"]
[Site "http://www.queenalice.com/game.php?id=308956"]
[Date "2007.11.23"]
[Round "-"]
[White "kingbrian"]
[Black "leduar"]
[Result "1/2-1/2"]
[WhiteElo "1878"]
[BlackElo "1938"]

1. e4 e5 2. Nf3 Nc6 3. Bb5 a6 4. Bxc6 dxc6 5. Nc3 f6 6. Ne2 Bg4 7. Neg1 Bc5 8.
c3 Qd6 9. b4 Bb6 10. a4 a5 11. bxa5 Rxa5 12. Ba3 Bc5 13. Bxc5 Qxc5 14. h3 Bxf3
15. Nxf3 Qc4 16. Qc2 Rc5 17. Rc1 b5 18. d4 exd4 19. Nd2 Qxc3 20. Qxc3 Rxc3 21.
O-O b4 22. Nb1 Rxc1 23. Rxc1 Kd7 24. Rc4 c5 25. Rxc5 Kd6 26. Rd5+ Ke6 27. Rxd4
Ne7 28. Rxb4 Nc6 29. Rb2 Rb8 30. Rxb8 Nxb8 31. Nc3 c6 32. f3 Ke5 33. Ne2 c5 34.
Kf2 Nc6 35. g4 c4 36. Ke3 Kd6 37. Kd2 Kc5 38. Kc3 g5 39. f4 h6 40. fxg5 hxg5 41.
Ng3 Ne5 42. Nf5 Nd3 43. Ne3 Nf2 44. Nxc4 Nxe4+ 45. Kb3 Nf2 46. Nd2 Kd5 47. Kb4
Nxh3 48. Kb5 Nf4 49. Nc4 Ne6 50. Nb6+ Kd6 51. Kc4 Nc5 52. Nd5 Nd7 53. Kd4 Kc6
54. a5 Kb5 55. Ke4 Ne5 56. Nxf6 Nxg4 57. Nxg4 Kxa5 58. Kf5 Kb6 59. Kxg5 Ka6 60.
Kf5 Ka7 61. Ke5 Ka8 62. Nf6 1/2-1/2

[Event "Challenge"]
[Site "http://www.queenalice.com/game.php?id=310347"]
[Date "2007.11.26"]
[Round "-"]
[White "kingbrian"]
[Black "willians"]
[Result "0-1"]
[WhiteElo "1978"]
[BlackElo "1879"]

1. e4 c5 2. e5 Nc6 3. Nf3 d6 4. Bb5 Bd7 5. O-O Nxe5 6. a4 Nc6 7. Ra3 Nf6 8. h4
e5 9. c3 e4 10. Re1 Be7 11. Nh2 c4 12. b4 d5 13. Bxc6 bxc6 14. Ra1 O-O 15. Ba3
Bd6 16. Nf1 Ng4 17. b5 c5 18. f3 exf3 0-1

[Event "Challenge"]
[Site "http://www.queenalice.com/game.php?id=310356"]
[Date "2007.11.26"]
[Round "-"]
[White "willians"]
[Black "kingbrian"]
[Result "1-0"]
[WhiteElo "1899"]
[BlackElo "1840"]

1. e4 e5 2. Nf3 d6 3. Bc4 h6 4. Nc3 Bd7 5. d4 exd4 6. Nxd4 Ne7 7. O-O Ng6 8. Re1
Be7 9. h3 Bg5 10. Nf3 Nc6 11. Nxg5 hxg5 12. Qf3 Nge5 13. Bxf7+ Nxf7 14. Be3 Nfe5
15. Qg3 g4 16. hxg4 Bxg4 17. f4 Nb4 18. fxe5 Nxc2 19. Qxg4 Nxe1 20. Rxe1 1-0

[Event "Challenge"]
[Site "http://www.queenalice.com/game.php?id=310391"]
[Date "2007.11.26"]
[Round "-"]
[White "leduar"]
[Black "kingbrian"]
[Result "1-0"]
[WhiteElo "1952"]
[BlackElo "1888"]

1. e4 e5 2. Nf3 d6 3. d4 exd4 4. Nxd4 Nf6 5. Nc3 Be7 6. Be2 Be6 7. Nxe6 fxe6 8.
O-O Nbd7 9. Be3 h5 10. Bg5 g6 11. Bf3 Ng4 12. Bxe7 Qxe7 13. Bxg4 hxg4 14. Qxg4
O-O-O 15. f4 Rh4 16. Qg5 Qh7 17. h3 Rh8 18. Rf3 Qg7 19. Rd1 Nf6 20. Kf2 1-0